NLSUI OPAC header image

How to write a scientific paper : (Record no. 213506)

MARC details
000 -LEADER
fixed length control field 01986nam a22001817a 4500
005 - DATE AND TIME OF LATEST TRANSACTION
control field 20250416123019.0
008 - FIXED-LENGTH DATA ELEMENTS--GENERAL INFORMATION
fixed length control field 250416b |||||||| |||| 00| 0 eng d
020 ## - INTERNATIONAL STANDARD BOOK NUMBER
International Standard Book Number 9781730784163 (paperback)
082 ## - DEWEY DECIMAL CLASSIFICATION NUMBER
Classification number 808.066378
100 ## - MAIN ENTRY--PERSONAL NAME
Personal name Saramaki, Jari
245 ## - TITLE STATEMENT
Title How to write a scientific paper :
Remainder of title an academic self-help guide for PhD students /
Statement of responsibility, etc. by Jari Saramäki
260 ## - PUBLICATION, DISTRIBUTION, ETC.
Place of publication, distribution, etc. [Place of publication not identified]
Name of publisher, distributor, etc. [publisher not identified]
Date of publication, distribution, etc. 2018
300 ## - PHYSICAL DESCRIPTION
Extent 109 pages
Dimensions 21 cm
365 ## - TRADE PRICE
Price amount Rs. 1346.00
505 ## - FORMATTED CONTENTS NOTE
Formatted contents note Who should read this book and why? -- Why does writing feel so hard? -- Part I -- Story -- How to choose the key point of your paper -- How to choose the supporting results -- How to write the abstract -- How to choose the title -- Part II -- Outline -- The power of outlining -- How to write the introduction, Part I: Structure -- How to write the introduction, Part II: a four-paragraph template -- How to write the introduction, Part III: the lede -- How to write the materials and methods -- How to write the results, Part I: figures -- How to write the results, Part II: text -- How to write the discussion -- Part III -- Words -- How does your reader read? -- How to write your first draft -- How to edit your first draft -- Tips for revising content and structure -- Tips for editing sentences -- Part IV -- It's not over yet -- How to write the cover letter -- How to deal with reviews.
520 ## - SUMMARY, ETC.
Summary, etc. "What if writing scientific papers was faster, easier, and a bit less painful? This book provides a step-by-step, top-down approach that makes it easier to turn your hard-won results into papers that your fellow scientists want to read and cite. You'll learn how to outline your paper from top to down, how to develop your story, and how to think about what you write before you write it. You'll also learn how to deal with many issues that writers of science commonly face, from the fear of the blank apge to critical reviews"
942 ## - ADDED ENTRY ELEMENTS (KOHA)
Source of classification or shelving scheme Dewey Decimal Classification
Koha item type BOOKs
Holdings
Withdrawn status Lost status Source of classification or shelving scheme Materials specified (bound volume or other part) Damaged status Not for loan Home library Current library Shelving location Date acquired Source of acquisition Cost, normal purchase price Total Checkouts Full call number Barcode Date last seen Price effective from Koha item type Public note
    Dewey Decimal Classification PB     . . General Stacks 16.04.2025 Purchased - Amazon.in 1346.00   808.066378 SAR 40107 16.04.2025 16.04.2025 BOOKs Recommended by Dr. Sushmita Pati